El nacimiento de la razón (Record no. 138659)

MARC details
000 -LEADER
campo de control de longitud fija 00617nam a2200193 4500
001 - NÚMERO DE CONTROL
campo de control 138659
003 - IDENTIFICADOR DE NÚMERO DE CONTROL
campo de control ES-MaACL
007 - CAMPO FIJO DE DESCRIPCIÓN FÍSICA--INFORMACIÓN GENERAL
campo de control de longitud fija t|
008 - DATOS DE LONGITUD FIJA--INFORMACIÓN GENERAL
campo de control de longitud fija 070214s1971 mx r ||||1| spa d
100 1# - ENTRADA PRINCIPAL--NOMBRE DE PERSONA
Nombre de persona Santayana, George.
9 (RLIN) 103357
245 13 - MENCIÓN DEL TÍTULO
Título El nacimiento de la razón
Resto del título : ; y otros ensayos /
Mención de responsabilidad, etc. por George Santayana ; Daniel Cory, compilador ; [versión Nuria Parés].
250 ## - MENCION DE EDICION
Mención de edición 1ª ed.
260 ## - PUBLICACIÓN, DISTRIBUCIÓN, ETC.
Lugar de publicación, distribución, etc. México :
Nombre del editor, distribuidor, etc. Roble,
Fecha de publicación, distribución, etc. 1971.
300 ## - DESCRIPCIÓN FÍSICA
Extensión XII, 162 p. ;
Dimensiones 20 cm.
700 1# - ENTRADA AGREGADA--NOMBRE PERSONAL
Nombre de persona Cory, Daniel.
9 (RLIN) 40971
700 0# - ENTRADA AGREGADA--NOMBRE PERSONAL
Nombre de persona Parés, Nuria,
Fechas asociadas al nombre 1925-2010
9 (RLIN) 89101
852 ## - LOCALIZACIÓN
Ubicación ES-MaACL
Número de control de estantería L-5514
Sublocalización o colección R.93547
Holdings
Estatus retirado Estado de pérdida Estado de daño No para préstamo Biblioteca de origen Biblioteca actual Ubicación en estantería Fecha de adquisición Fuente de adquisición Total de préstamos Signatura topográfica completa Código de barras Visto por última vez Precio de reemplazo Tipo de ítem Koha
        Biblioteca del Ateneo de Madrid Biblioteca del Ateneo de Madrid Depósito 2 17/01/2008     L-5514 1144287 23/02/2023 23/02/2023 Libro impreso